Sudden Death - Nations without a Military - Statistics

General Stats
  • This quiz has been taken 32 times
  • The average score is 6 of 11
Answers on the Grid
Answers color-coded by a green-red scale on the quiz's grid according to % correct below.
Romania
Bulgaria
Andorra
Switzerland
Bosnia and Herzegovina
Monaco
Haiti
China
Jamaica
Dominican Republic
Liechtenstein
Colombia
Egypt
Marshall Islands
Mexico
New Zealand
Costa Rica
Russia
Dominica
Spain
Argentina
Panama
Tajikistan
Mongolia
South Africa
Australia
Brazil
Germany
Iceland
Mauritius
Micronesia
Nauru
 
Answer Stats
Answer % Correct
Monaco
88%
Andorra
72%
Nauru
72%
Micronesia
64%
Iceland
60%
Liechtenstein
60%
Marshall Islands
60%
Costa Rica
52%
Mauritius
52%
Dominica
40%
Panama
28%
No matching quizzes found
Score Distribution
Percent of People with Each Score
Percentile by Number Answered
Your Score History
You have not taken this quiz